| 000 | 00710nam a2200217Ia 4500 | ||
|---|---|---|---|
| 005 | 20241129110019.0 | ||
| 008 | 241129s9999||||xx |||||||||||||| ||und|| | ||
| 020 | _a978-1-032-66713-3 | ||
| 037 | _aTB | ||
| 040 |
_aARTS _beng _cARTS |
||
| 041 |
_aeng _2eng |
||
| 084 |
_aR3xL24:g(W) R3 _qARTS |
||
| 100 |
_aCaranti Luigi Ed.; Pinzani Alessandro Ed. _9726861 |
||
| 245 | 0 |
_aKant and the problem of politics: rethinking the contemporary world _cCaranti Luigi Ed.; Pinzani Alessandro Ed. |
|
| 260 |
_aUK _bRoutledge _c2024 |
||
| 300 | _axv,180p. | ||
| 365 |
_aINR _b1295 |
||
| 650 |
_aPhilosophyMetaphysicsPolitical Science _9726862 |
||
| 942 |
_cTB _hR3xL24:g(W) R3 |
||
| 999 |
_c1226989 _d1226989 |
||